00808 2200253 4500001002100000005001700021008004100038020002200079035002400101040001300125082002100138084002500159245014300184250001100327260003100338300003200369504002600401650003800427700002100465700002100486700001300507850001200520990002200532INLIS00000000002628920170322140913.0  a978-979-21-47554- 0010-031700000000399 aYOPPDYOG 223a372.65499221 aDEP 372.65499221 Ran aRANGKUMAN dan pengayaan bahasa Indonesia kelas I SD Semester 2c/ M.M Sri Wahyuni [et.al]; Editor, Maria Agustina S ; ilustrator, Harnawan aCet. 1 aYogyakartabKanisiusc2016 a184 hlm.b: ilus.c; 25 cm. aBibliografi: hlm. 184 aPendidikan dasar Bahasa Indonesia aSri Wahyuni, M.M aMaria Agustina S aHarnawan aYOPDYOG aCB-D.11/2016-1818